| 000 | 00604cam a2200145 a 4500 | ||
|---|---|---|---|
| 001 | 000013036 | ||
| 005 | 20200929163127.0 | ||
| 008 | 000921s1998 ck rl 000 0 spa | ||
| 020 | _a9588017408 | ||
| 040 |
_aDO-SdBNP _bspa _cBNPHU |
||
| 082 |
_axxxx _bxxxx |
||
| 245 | 0 | 0 |
_aNuevo regimen de carrera administrativa : _bnombramientos, concursos, evaluacion de desempeno y retiro de servicio : nivel nacional, distrital, departamental y municipal : Ley 443 de 1998 ... : comentarios, doctrina y jurisprudencia. |
| 260 |
_aColombia : _b3R Editores : _bTemas Juridicos, _c1998. |
||
| 300 |
_axiv, 268 p. ; _c18 cm. |
||
| 999 |
_c12680 _d12680 |
||